000 00796nab a2200241 u 4500
001 18107
003 HDC
007 cr bn ---aaaaa
008 210225c20090211xx dr|noo 0 a eng d
040 _aHDC
245 0 _aMumbai all set to host the biggest ever Islamic conference
260 _a[No place] :
_b[publisher not identified],
_c2010
336 _atext
_2rdacontent
337 _acomputer
_2rdamedia
338 _aonline resource
_2rdacarrier
650 _aIslamic conference
_917142
650 _aIslamic World
_913824
710 _aHalal Focus
856 _zRequest full-text at [email protected]
942 _2lcc
942 _cNEWS
942 _kNWSO 006023
999 _c15423
_d15423